00370nam a22001577a 4500003000400000008004100004020001800045082001600063100001600079245002800095250001200123260004000135300000800175650000900183700002000192OSt220910b ||||| |||| 00| 0 eng d a9789353386320 a327.027 KHI aKHANNA, V N aInternational Relations a6th ed. aNoidabVikas Publishing Housec2022 a502 aB.A. aKUMAR, Leslie K